Statystyki dla Wymień pięciu wiedźminów

Kliknij tutaj aby rozwiązać quiz!

Ogólne statystyki

  • Ten quiz został rozwiązany 125 razy
  • Średni wynik to 4 z 5

Statystyki odpowiedzi

Cech (szkoła)Imię / przydomek / tytuł rycerski% Poprawnych
WilkaGeralt z Rivii
98%
WilkaVesemir
97%
WilkaLambert
95%
WilkaEskel
88%
GryfaCoen
50%

Rozkład punktacji

Percentyl według liczby udzielonych odpowiedzi

Procent ludzi z każdym wynikiem

Twoja historia wyników

Nie rozwiązałeś tego quizu